Management accounting-Decision making (Record no. 932)

MARC details
000 -LEADER
fixed length control field 00912 a2200217 4500
008 - FIXED-LENGTH DATA ELEMENTS--GENERAL INFORMATION
fixed length control field 080821t xxu||||| |||| 00| 0 eng d
010 ## - LIBRARY OF CONGRESS CONTROL NUMBER
LC control number ENG-85031
020 ## - INTERNATIONAL STANDARD BOOK NUMBER
International Standard Book Number 8180545245
Terms of availability 525.00
035 ## - SYSTEM CONTROL NUMBER
System control number EN-68564
037 ## - SOURCE OF ACQUISITION
Source of stock number/acquisition D.B.Act / Pub
082 ## - DEWEY DECIMAL CLASSIFICATION NUMBER
Classification number 658.1511
100 ## - MAIN ENTRY--PERSONAL NAME
Personal name Saxena, V. K.
245 ## - TITLE STATEMENT
Title Management accounting-Decision making
Remainder of title for ICWA and other professional and management examinations
Statement of responsibility, etc by V. K. Saxena and C. D. Vashist
260 ## - PUBLICATION, DISTRIBUTION, ETC. (IMPRINT)
Place of publication, distribution, etc New Delhi
Name of publisher, distributor, etc Sultan Chand and Sons
Date of publication, distribution, etc 2006
270 ## - ADDRESS
Address 23, Darya Ganj,
City New Delhi
State or province Delhi
Postal code 110002
Telephone number 23266105
Fax number 23266357
300 ## - PHYSICAL DESCRIPTION
Extent various pagings
Dimensions 24 cm (Pbk)
650 ## - SUBJECT ADDED ENTRY--TOPICAL TERM
Topical term or geographic name as entry element Management accounting
700 ## - ADDED ENTRY--PERSONAL NAME
Personal name Vashist, C. D.
942 ## - ADDED ENTRY ELEMENTS (KOHA)
Institution code [OBSOLETE] dpl
Koha item type English Books
Call number prefix 658.1511 / SAX
Source of classification or shelving scheme Dewey Decimal Classification
Classification part 658.1511
Call number suffix SAX
Holdings
Withdrawn status Lost status Damaged status Not for loan Home library Current library Date acquired Cost, normal purchase price Total Checkouts Full call number Barcode Date last seen Copy number Uniform Resource Identifier Cost, replacement price Price effective from Koha item type
        D.B.Act.Division D.B.Act.Division 21/08/2008 525.00   658.1511 SAX EN-68564 15/09/2008 1 994 525.00 15/09/2008 English Books

© Delhi Public Library
Hit Counter
free hit counter